000 00566nam a2200241 a 4500
001 nice12345678
003 IN_TiNIC
005 20260116011313.0
008 050524s0000 lona grp 000 0 per
020 _a
_c100
082 0 0 _a297.4
_bKEN
100 _aKent, C
245 _aStories from the Bustan of Shaykh Saadi
260 _aLondon
_bChapman and Hall Ltd.
_c0000
300 _a159p
500 _aincludes index and biblioraphy
505 2 _aIllus
650 _aSufism-Sadi
700 1 _aKent, C
902 _bSRS
942 _cBK
999 _c333
_d333